000 00606nam a2200205Ii 4500
001 8803
003 CO-ViMGA
008 241108s9999||||xx |||||||||||||| ||und||
040 _aCO-ViMGA
_bspa
_erda
_cCO-ViMGA
041 0 _aunk
082 0 4 _a883.01-H766i
100 1 _aHomero
_96303
245 1 0 _a<La> Iliada
264 1 _a[Lugar de publicación no identificado] : Bedout, [Fecha de publicación no identificada]
300 _avolumen
336 _atext
_btxt
_2rdacontent
337 _aunmediated
_bn
_2rdamedia
338 _avolume
_bnc
_2rdacarrier
940 _aidficha_siabuc: 8606. -- ficha_no_siabuc:8803
999 _c52426
_d52426